Estética da missa : arte divino-humana.

में बचाया:
ग्रंथसूची विवरण
मुख्य लेखक: Gardumi, Vitório, sac
स्वरूप: पुस्तक
भाषा:पुर्तगाली
प्रकाशित: São Paulo : Edições Paulinas, 1960.
विषय:
टैग: टैग जोड़ें
कोई टैग नहीं, इस रिकॉर्ड को टैग करने वाले पहले व्यक्ति बनें!

MARC

LEADER 00000nam a22000007a 4500
001 20210112195515
003 BR-CrsFAEV
005 20231113152629.0
008 210112t1960||||bl |||||||||||||1 e|por|d
040 |a BR-CrsFAEV  |b por  |c BR-CrsFAEV 
041 0 |a por 
080 0 |2 1997  |a 264.33  |b G2289e 
100 1 |9 9075  |a Gardumi, Vitório,   |c sac.,  
245 1 0 |a Estética da missa :   |b arte divino-humana.  
260 |a São Paulo :   |b Edições Paulinas,   |c 1960.  
300 |a 136 p. ;   |c 16 cm.  
546 |a Texto em português.  
650 4 |a Santa Missa.  |9 10564 
942 |2 udc  |c BK 
952 |0 0  |1 0  |2 udc  |4 0  |6 26433_G2289E  |7 0  |9 26473  |a SBT  |b SBT  |c GEN  |d 2021-01-12  |o 264.33 G2289e  |p 10323  |r 2021-01-12 00:00:00  |t ex.01  |w 2021-01-12  |y BK 
999 |c 22849  |d 22849